[Event "DEN-ch Seniors"]
[Site "Aalborg"]
[Date "2023.02.19"]
[Round "1"]
[White "Schacht, Jorgen Vejby"]
[Black "Nielsen, Niels Peter"]
[Result "0-1"]
[WhiteElo "1799"]
[BlackElo "2074"]
[PlyCount "92"]
[EventDate "2023.02.19"]
[EventType "swiss"]
[EventRounds "7"]
[EventCountry "DEN"]
[SourceTitle "CBM 213 Extra"]
[Source "ChessBase"]
[SourceDate "2023.05.31"]
[SourceVersion "1"]
[SourceVersionDate "2023.05.31"]
[SourceQuality "1"]

1. d4 Nf6 2. c4 g6 3. Nc3 Bg7 4. Nf3 d6 5. Bg5 c6 6. e3 0-0 7. Be2 Qc7 8. Qc2 a6 9. 0-0 e5 10. dxe5 dxe5 11. c5 Be6 12. Nd2 Nbd7 13. Nce4 Nxe4 14. Nxe4 Bf5 15. Be7 Bxe4 16. Qxe4 Nf6 17. Bxf6 Bxf6 18. Rfd1 Rad8 19. h4 Qe7 20. h5 Qxc5 21. hxg6 hxg6 22. Bc4 Kg7 23. Rac1 Rxd1+ 24. Rxd1 Rd8 25. Rxd8 Bxd8 26. Qd3 Qe7 27. e4 b5 28. Bb3 Bb6 29. Qf3 Bd4 30. Qe2 Qc5 31. Bd1 Qc1 32. b3 c5 33. Qc2 Qa1 34. Kf1 Bc3 35. Ke2 Bd4 36. f3 Bc3 37. Kd3 Bb4 38. Ke2 Qd4 39. Kf1 Ba5 40. Be2 Qa1+ 41. Bd1 c4 42. bxc4 bxc4 43. Ke2 Qd4 44. Kf1 Bb6 45. Ke1 Qg1+ 46. Kd2 Qe3# 0-1

[Event "DEN-ch Kort 2 A"]
[Site "Skorping"]
[Date "2014.04.17"]
[Round "2"]
[White "Vangsgaard, Bjarke"]
[Black "Schacht, Jorgen Vejby"]
[Result "1-0"]
[WhiteElo "1803"]
[BlackElo "1749"]
[PlyCount "51"]
[EventDate "2014.04.17"]
[EventType "swiss"]
[EventRounds "5"]
[EventCountry "DEN"]
[SourceTitle "EXT 2023"]
[Source "ChessBase"]
[SourceDate "2022.10.05"]
[SourceVersion "1"]
[SourceVersionDate "2022.10.05"]
[SourceQuality "1"]

1. d4 d5 2. Nf3 Nf6 3. Bf4 e6 4. e3 c5 5. c4 Qb6 6. Qb3 Qa5+ 7. Nc3 Nbd7 8. Bd3 a6 9. 0-0 dxc4 10. Bxc4 b5 11. Bxe6 fxe6 12. Qxe6+ Be7 13. Ng5 Nb6 14. Qf7+ Kd8 15. dxc5 Rf8 16. Bc7+ Kxc7 17. cxb6+ Qxb6 18. Qxe7+ Bd7 19. Rac1 Kb7 20. Rfd1 Qd8 21. Qb4 Rc8 22. Ne6 Bxe6 23. Rxd8 Rfxd8 24. Qe7+ Bd7 25. Rd1 Ka8 26. h3 1-0